[Event "Ì11Â"]
[Site "Loo"]
[Date "2017.04.23"]
[Round "4.12"]
[White "Øåêà, Íèêîëàé."]
[Black "Ôîìèí, Íèêèòà."]
[Result "1/2-1/2"]
[WhiteElo "1399"]
[BlackElo "1612"]
[PlyCount "133"]
[EventDate "2017.04.20"]

1. e4 e5 2. Nf3 Nc6 3. Bb5 a6 4. Ba4 d6 5. c3 Bd7 6. O-O g6 7. d4 Bg7 8. dxe5
Nxe5 9. Bxd7+ Qxd7 10. Bf4 O-O-O 11. Nbd2 Ne7 12. a4 h6 13. Nd4 g5 14. Be3 f5
15. exf5 Nxf5 16. b4 Nxe3 17. fxe3 Ng4 18. Nf5 h5 19. e4 Be5 20. Nf3 Rdf8 21.
Qd3 Bf4 22. Rfe1 d5 23. Qxd5 Qxd5 24. Ne7+ Kb8 25. Nxd5 c6 26. Nxf4 gxf4 27. h4
Ne3 28. Re2 Re8 29. Ng5 Nf5 30. Rf2 Nxh4 31. Rxf4 Rhg8 32. Nh3 Nxg2 33. Rf7
Nh4+ 34. Kf1 Rxe4 35. Rd1 Re3 36. Ng1 Rxc3 37. Rdd7 Rc1+ 38. Ke2 Rg2+ 39. Ke3
Re1+ 40. Kd4 Rd1+ 41. Kc5 Rxd7 42. Rxd7 Rxg1 43. Kb6 Kc8 44. Rxb7 Rg4 45. Kxa6
Nf5 46. a5 Nd6 47. Rh7 h4 48. Kb6 Nb7 49. Kxc6 Rxb4 50. a6 Nd8+ 51. Kc5 Rg4 52.
a7 Rg5+ 53. Kb6 Rg6+ 54. Kc5 Ne6+ 55. Kd5 Nc7+ 56. Rxc7+ Kxc7 57. a8=Q Rd6+ 58.
Kc5 Rd7 59. Qa5+ Kb7 60. Qb5+ Kc8 61. Qa6+ Kd8 62. Qf6+ Kc8 63. Qxh4 Rc7+ 64.
Kb6 Rb7+ 65. Ka6 Rd7 66. Qf6 Rd6+ 67. Qxd6 1/2-1/2

[Event "Ì11Â"]
[Site "Loo"]
[Date "2017.04.23"]
[Round "4.13"]
[White "Ãîäæóðîâ, Ëèäæè."]
[Black "Ëûñöîâ, Ëåîíèä."]
[Result "0-1"]
[WhiteElo "1587"]
[BlackElo "1864"]
[PlyCount "74"]
[EventDate "2017.04.20"]

1. e4 g6 2. Nf3 Bg7 3. c3 d6 4. d4 Nf6 5. Nbd2 O-O 6. Bc4 Bg4 7. O-O Nc6 8. h3
Bxf3 9. Qxf3 e5 10. Nb3 exd4 11. cxd4 Re8 12. Bg5 h6 13. Bh4 g5 14. Bg3 Rxe4
15. Bd5 Re7 16. Bxc6 bxc6 17. Qxc6 Qe8 18. Qc3 Ne4 19. Qf3 a5 20. Rad1 a4 21.
Nd2 Nxg3 22. Qxg3 Bxd4 23. Nc4 Bg7 24. f3 Qb5 25. Rc1 Re2 26. Qg4 f5 27. Qh5 d5
28. f4 Qe8 29. Qxe8+ Raxe8 30. Na5 Rxb2 31. Rce1 Rxe1 32. Rxe1 Bc3 33. Re8+ Kf7
34. Ra8 Rxa2 35. fxg5 hxg5 36. Kf1 Bxa5 37. Rxa5 Ke6 0-1

[Event "Ì11Â"]
[Site "Loo"]
[Date "2017.04.23"]
[Round "4.14"]
[White "Ñîëîíåíêî, Ìàêñèì."]
[Black "Âîëêîâ, Èëüÿ."]
[Result "0-1"]
[WhiteElo "1598"]
[BlackElo "1404"]
[PlyCount "124"]
[EventDate "2017.04.20"]

1. e4 c5 2. Nf3 e6 3. d4 cxd4 4. Nxd4 Nf6 5. Nc3 Nc6 6. Be3 Bb4 7. f3 d5 8. Bb5
Bd7 9. O-O e5 10. Nf5 Bxf5 11. exf5 d4 12. Bxd4 Qxd4+ 13. Qxd4 exd4 14. Ne4
Nxe4 15. fxe4 O-O 16. Bxc6 bxc6 17. e5 Rfe8 18. a3 Ba5 19. b4 Bb6 20. Rae1 d3+
21. Kh1 d2 22. Re2 Rad8 23. Rd1 h6 24. e6 fxe6 25. fxe6 Rd6 26. Rdxd2 Rexe6 27.
Rxe6 Rxe6 28. g3 Re3 29. a4 a5 30. Rd6 axb4 31. Rxc6 Ba5 32. Rc5 Bd8 33. Rc8
Re1+ 34. Kg2 Rd1 35. a5 Kf7 36. a6 Bb6 37. a7 Bxa7 38. Rc7+ Kg8 39. Rxa7 Rd2+
40. Kh3 Rxc2 41. Rb7 Rb2 42. g4 b3 43. Kg3 Kh7 44. h3 Rb1 45. Kg2 b2 46. h4 Kg6
47. Rb4 Kf6 48. Rb5 Ke6 49. Kh2 Kd6 50. g5 h5 51. Kg2 Kc6 52. Rb8 Kd5 53. Kh2
Ke4 54. Rb3 Kf4 55. Kg2 Ke4 56. Rb4+ Ke3 57. Rb8 Re1 58. Re8+ Kd2 59. Rd8+ Kc1
60. Rc8+ Kb1 61. Rb8 Rc1 62. Rb4 Rc2+ 0-1

[Event "Ì11Â"]
[Site "Loo"]
[Date "2017.04.23"]
[Round "4.15"]
[White "Ãóáàðåâ, Âëàäèñëàâ."]
[Black "Èñìàãèëîâ, Èãîðü."]
[Result "0-1"]
[WhiteElo "1399"]
[BlackElo "1853"]
[PlyCount "120"]
[EventDate "2017.04.20"]

1. d4 c5 2. d5 g6 3. e4 Bg7 4. Nc3 d6 5. Bb5+ Bd7 6. a4 Nf6 7. Nf3 O-O 8. O-O
Na6 9. Rb1 Nc7 10. Bxd7 Nxd7 11. Bf4 Ne8 12. Ne2 Nef6 13. Ng3 Ng4 14. c3 Nge5
15. Nxe5 Nxe5 16. Qb3 Qb6 17. Qc2 Qc7 18. Ne2 Qd7 19. Bg3 f5 20. Nf4 Rf7 21.
Ne6 Bh8 22. exf5 Rxf5 23. c4 Nf7 24. f4 Nd8 25. Rfe1 Nxe6 26. Rxe6 Bd4+ 27. Kh1
Raf8 28. Rbe1 R8f7 29. h3 Kf8 30. Bh4 Bf6 31. Bxf6 R5xf6 32. Rxf6 Rxf6 33. Qe4
Rf7 34. b3 Qf5 35. Qxf5 Rxf5 36. g3 g5 37. Rf1 Kf7 38. Kg2 gxf4 39. Rxf4 e6 40.
Rxf5+ exf5 41. Kf3 Kf6 42. Kf4 a5 43. g4 fxg4 44. Kxg4 Kg6 45. h4 h6 46. h5+
Kf6 47. Kf3 Kf5 48. Ke3 Kg4 49. Ke4 Kg5 50. Kf3 Kxh5 51. Kf4 Kg6 52. Kg4 h5+
53. Kh4 Kh6 54. Kg3 Kg5 55. Kf3 h4 56. Kf2 Kg4 57. Kg2 h3+ 58. Kf2 Kf4 59. Kf1
Kg3 60. Kg1 h2+ 0-1

[Event "Ì11Â"]
[Site "Loo"]
[Date "2017.04.23"]
[Round "4.16"]
[White "Ïîíîìàðåâ, Âñåâîëîä."]
[Black "Òàðàñåíêî, ßðîñëàâ."]
[Result "0-1"]
[WhiteElo "1343"]
[BlackElo "1629"]
[PlyCount "132"]
[EventDate "2017.04.20"]

1. e4 c5 2. Nf3 g6 3. d4 cxd4 4. Nxd4 Nc6 5. c4 Nf6 6. Nc3 d6 7. Be2 Nxd4 8.
Qxd4 Bg7 9. Be3 O-O 10. Qd2 Qa5 11. O-O Qd8 12. f4 b6 13. Bf3 Rb8 14. Rad1 Qc7
15. b3 Ba6 16. Kh1 Qc8 17. Qe2 Bb7 18. Bd4 Nd7 19. Bg4 Bxd4 20. Rxd4 Qc5 21.
Rd3 Nf6 22. Rg3 Bc8 23. f5 Kg7 24. Nd5 Qd4 25. Nxf6 exf6 26. Bh5 g5 27. h4 h6
28. Rd1 Qe5 29. Qe3 Qe7 30. Rf1 Rh8 31. Kg1 Kf8 32. Be2 Bb7 33. Bd3 Re8 34. Qd4
Qe5 35. Qxe5 Rxe5 36. Rg4 h5 37. Rg3 gxh4 38. Re3 Rg8 39. Rfe1 Kg7 40. Rh3 Rge8
41. Rhe3 Kh6 42. Kf2 Kg5 43. Bc2 a6 44. Bd3 b5 45. cxb5 axb5 46. a4 bxa4 47.
bxa4 Bc6 48. Bc2 Ra5 49. Ra1 Rb8 50. Rc3 Be8 51. Bb3 Rb4 52. Bc2 Bb5 53. Raa3
Ba6 54. Kf3 Bb7 55. Ke3 Kg4 56. Rc7 Bxe4 57. Bxe4 Re5 58. a5 Rbxe4+ 59. Kd2
Rd5+ 60. Kc2 Re2+ 61. Kb3 Re3+ 62. Rc3 Rb5+ 63. Kc4 Rc5+ 64. Kd4 Rexc3 65. Rxc3
Rxa5 66. Rf3 Rxf5 0-1

[Event "Ì11Â"]
[Site "Loo"]
[Date "2017.04.23"]
[Round "4.17"]
[White "Ìåäâåäåâ, Ìàòâåé."]
[Black "Âàôèí, Òàãèð."]
[Result "1-0"]
[WhiteElo "1605"]
[BlackElo "1428"]
[PlyCount "53"]
[EventDate "2017.04.20"]

1. e4 e6 2. c4 d5 3. cxd5 exd5 4. exd5 Nf6 5. Bb5+ Nbd7 6. Qe2+ Be7 7. d6 cxd6
8. d4 O-O 9. Nf3 a6 10. Ba4 Nb6 11. Bc2 Bg4 12. O-O d5 13. Nc3 Bh5 14. Bg5 Re8
15. Rfe1 Qd7 16. Qd3 Bg6 17. Qd2 Bxc2 18. Qxc2 Rac8 19. Ne5 Qd6 20. Qd3 Qd8 21.
f4 Nc4 22. Re2 Qd6 23. b3 Nb6 24. Rae1 Qc7 25. Nd1 Ne4 26. Bxe7 Rxe7 27. Qf3
1-0

[Event "Ì11Â"]
[Site "Loo"]
[Date "2017.04.23"]
[Round "4.18"]
[White "Òþãàøåâ, Ãðèãîðèé."]
[Black "Òîìîâ, Åâãåíèé."]
[Result "1-0"]
[WhiteElo "1524"]
[BlackElo "1336"]
[PlyCount "123"]
[EventDate "2017.04.20"]

1. d4 d5 2. c4 c6 3. Nf3 Nf6 4. e3 e6 5. b3 Bb4+ 6. Nbd2 Nbd7 7. a3 Bxd2+ 8.
Qxd2 Ne4 9. Qc2 f5 10. Bb2 Qc7 11. Ne5 Nxe5 12. dxe5 Qe7 13. Bd3 O-O 14. O-O
Qh4 15. f4 Bd7 16. Rf3 Qd8 17. Qe2 Be8 18. Bxe4 fxe4 19. Rg3 Bg6 20. Qg4 Qe7
21. h4 Qf7 22. Qh3 Qf5 23. Kf2 Qxh3 24. gxh3 Bf5 25. Rag1 Rf7 26. cxd5 cxd5 27.
Rc1 Kf8 28. Bd4 g6 29. Bc5+ Ke8 30. Bd6 Kd8 31. h5 Rc8 32. Rxc8+ Kxc8 33. h6 b6
34. h4 Kb7 35. Rg1 Rd7 36. Rc1 b5 37. Ke1 Kb6 38. Kd2 a6 39. Rc8 a5 40. Rg8 Rb7
41. Rg7 Kc6 42. b4 axb4 43. axb4 Bg4 44. Rg8 Ra7 45. Bc5 Ra2+ 46. Kc3 Bd1 47.
Bd4 Rc2+ 48. Kb3 Rh2+ 49. Ka3 Rxh4 50. Rc8+ Kd7 51. Rb8 Kc6 52. Rb6+ Kd7 53.
Rd6+ Kc7 54. Rxe6 Rxh6 55. Re7+ Kd8 56. Rg7 Bg4 57. Bb6+ Ke8 58. Bc5 Kd8 59.
Rf7 Rh1 60. Rf6 Ra1+ 61. Kb2 Ra7 62. Bxa7 1-0

[Event "Ì11Â"]
[Site "Loo"]
[Date "2017.04.23"]
[Round "4.19"]
[White "Áóãàåö, Äàíèèë."]
[Black "Îñíîâèí, Åãîð."]
[Result "0-1"]
[WhiteElo "1418"]
[BlackElo "1512"]
[PlyCount "116"]
[EventDate "2017.04.20"]

1. d4 Nf6 2. c4 d6 3. Nc3 e5 4. dxe5 dxe5 5. Qxd8+ Kxd8 6. Nf3 Nbd7 7. Ng5 Ke8
8. Nb5 Bd6 9. Nxd6+ cxd6 10. g3 h6 11. Nf3 b6 12. Bg2 Bb7 13. O-O Ke7 14. b3
Rac8 15. Rd1 Ba8 16. Nh4 g6 17. Bxa8 Rxa8 18. f4 Rac8 19. Nf3 Ke6 20. Bb2 Rhd8
21. fxe5 dxe5 22. Ba3 Nc5 23. Bxc5 bxc5 24. h3 Ne4 25. g4 Nc3 26. Re1 e4 27.
Nh2 Rd2 28. Nf1 Rxe2 29. Rxe2 Nxe2+ 30. Kf2 Nd4 31. Re1 f5 32. Ng3 Rd8 33.
gxf5+ gxf5 34. Nh5 Nc2 35. Re2 Nd4 36. Rb2 Rf8 37. Nf4+ Kf6 38. Ke3 Rg8 39.
Nh5+ Ke5 40. Rf2 Rg5 41. h4 Rxh5 42. Rh2 f4+ 43. Kf2 Nf3 44. Rh3 Rxh4 45. Rxh4
Nxh4 46. a3 e3+ 47. Ke2 Ke4 48. b4 f3+ 49. Ke1 Kd3 50. bxc5 Ng2+ 51. Kf1 e2+
52. Kf2 e1=Q+ 53. Kxf3 Nh4+ 54. Kg4 Qe4+ 55. Kh3 Ke3 56. c6 Kf3 57. c7 Qg4+ 58.
Kh2 Qg2# 0-1

[Event "Ì11Â"]
[Site "Loo"]
[Date "2017.04.23"]
[Round "4.20"]
[White "Æóðàâëåâ, Àðòåì."]
[Black "Àëåêñååâ, Àíäðåé."]
[Result "0-1"]
[WhiteElo "1501"]
[BlackElo "1257"]
[PlyCount "72"]
[EventDate "2017.04.20"]

1. c4 e5 2. d3 Nc6 3. Nf3 f5 4. g3 Nf6 5. Bg2 g6 6. O-O Bg7 7. Nc3 d6 8. Bg5 h6
9. Bd2 O-O 10. Nh4 Kh7 11. e4 f4 12. Nf3 g5 13. h3 fxg3 14. fxg3 g4 15. hxg4
Bxg4 16. Be3 Rg8 17. Kh2 Qe8 18. Nd5 Qh5+ 19. Kg1 Nxd5 20. exd5 Ne7 21. Rb1 Nf5
22. Bf2 Bf6 23. Qe2 Rg6 24. Qe4 Kh8 25. Nh2 Rag8 26. Nxg4 Rxg4 27. Bf3 Nxg3 28.
Bxg3 Rxg3+ 29. Kf2 Qh2+ 30. Ke1 Rg1 31. Be2 R8g2 32. Qf3 Rxf1+ 33. Bxf1 Bh4+
34. Kd1 Rd2+ 35. Kc1 Rc2+ 36. Kd1 Qd2# 0-1

[Event "Ì11Â"]
[Site "Loo"]
[Date "2017.04.23"]
[Round "4.21"]
[White "Ñóëåéìàíîâ, Ýìèðëàí."]
[Black "Æèðêîâ, Âëàäèñëàâ."]
[Result "0-1"]
[WhiteElo "1336"]
[BlackElo "1485"]
[PlyCount "120"]
[EventDate "2017.04.20"]

1. e4 c5 2. Nf3 e6 3. d4 cxd4 4. c3 dxc3 5. Nxc3 Nc6 6. Bc4 d6 7. O-O Nf6 8.
Qe2 Be7 9. Rd1 e5 10. h3 O-O 11. Bg5 Be6 12. Bxf6 Bxf6 13. Nd5 Bxd5 14. Bxd5
Qc7 15. Rac1 Be7 16. Rd2 Qb6 17. a3 a6 18. Rdc2 Rac8 19. Rd1 Rc7 20. Rc3 Rfc8
21. Re3 h6 22. b4 Na7 23. Nh2 Nb5 24. Qg4 Nc3 25. Rg3 Bf8 26. Rf1 Qb5 27. Re3
Nxd5 28. exd5 Qxd5 29. Nf3 Qe6 30. Qh5 g6 31. Qh4 Rc4 32. Qg3 f5 33. Re2 Rc3
34. Qh4 R3c4 35. Qg3 Be7 36. Rfe1 Rc3 37. Qh2 Bf6 38. Qg3 Kh7 39. Re3 R3c4 40.
Qh2 Qd7 41. Nd2 Rc2 42. Nb3 f4 43. Rd3 Qc7 44. Red1 Be7 45. Nd2 Qc6 46. g3 g5
47. g4 e4 48. Rd4 d5 49. Nb3 Rd8 50. Na5 Qc3 51. Nxb7 Bf6 52. Nxd8 Bxd4 53. Rf1
Bxf2+ 54. Rxf2 Qe1+ 55. Rf1 Qxf1+ 56. Kxf1 Rxh2 57. a4 Ra2 58. a5 Rb2 59. Nc6
e3 60. Ne7 f3 0-1

[Event "Ì11Â"]
[Site "Loo"]
[Date "2017.04.23"]
[Round "4.23"]
[White "Âëàñîâ, Äìèòðèé."]
[Black "Êóð÷åíêî, Åãîð."]
[Result "1/2-1/2"]
[WhiteElo "1304"]
[BlackElo "1594"]
[PlyCount "169"]
[EventDate "2017.04.20"]

1. e4 c5 2. Nc3 e6 3. g3 Nc6 4. Bg2 Nf6 5. Nh3 Be7 6. O-O d5 7. exd5 exd5 8.
Nf4 Be6 9. Re1 Qd7 10. Nxe6 fxe6 11. Bh3 Nd4 12. Ne2 Nf3+ 13. Kg2 Nxe1+ 14.
Qxe1 g5 15. f3 h5 16. Kg1 g4 17. Bg2 Bd6 18. d4 Kf7 19. Be3 cxd4 20. Bxd4 e5
21. Bf2 gxf3 22. Bxf3 e4 23. Bg2 Rae8 24. Bxa7 Reg8 25. Bd4 Qe6 26. Qc3 Rc8 27.
Qd2 Bc5 28. Rf1 Bxd4+ 29. Qxd4 Rc4 30. Qa7 Qa6 31. Qxa6 bxa6 32. c3 Kg7 33. Nf4
Rc6 34. Rd1 Rd6 35. Bh3 Re8 36. Ne2 e3 37. Bf5 Re5 38. Nd4 Ng4 39. Bxg4 hxg4
40. Re1 Kf6 41. Rf1+ Kg5 42. Ne2 Rb6 43. Nc1 Rf5 44. Nd3 Rxf1+ 45. Kxf1 a5 46.
Ke2 Re6 47. Nf4 Rh6 48. Kxe3 Rxh2 49. Ne2 Kf6 50. a4 Rh1 51. b4 axb4 52. cxb4
Ra1 53. Nc3 Ke5 54. Kd3 d4 55. Ne2 Rxa4 56. Nxd4 Kd5 57. Nc2 Ra8 58. Ne3+ Kc6
59. Nxg4 Ra3+ 60. Kc4 Rxg3 61. Ne5+ Kb7 62. Kd5 Kb6 63. Kd4 Kb5 64. Nd3 Rg4+
65. Kc3 Rh4 66. Kb3 Rc4 67. Kb2 Ka4 68. Kb1 Rc3 69. Nc1 Rh3 70. Kc2 Kxb4 71.
Nd3+ Kc4 72. Ne5+ Kd4 73. Nc6+ Kc5 74. Ne5 Rh2+ 75. Kc3 Kd5 76. Ng4 Re2 77. Kd3
Ra2 78. Ne3+ Ke5 79. Nc4+ Kf4 80. Kd4 Ra4 81. Kd5 Ra1 82. Nb2 Ke3 83. Nc4+ Kd3
84. Ne5+ Kc3 85. Nc6 1/2-1/2

[Event "Ì11Â"]
[Site "Loo"]
[Date "2017.04.23"]
[Round "4.24"]
[White "Àóøåâ, Ýìèí."]
[Black "Ïîíêðàòîâ, Àëåêñåé."]
[Result "0-1"]
[WhiteElo "1364"]
[BlackElo "1391"]
[PlyCount "92"]
[EventDate "2017.04.20"]

1. e4 e5 2. Nf3 Nc6 3. Bb5 a6 4. Ba4 Nf6 5. d3 d6 6. h3 b5 7. Bb3 Be7 8. O-O
O-O 9. c3 Na5 10. Bc2 c5 11. Re1 Bd7 12. d4 Qc7 13. d5 Nb7 14. Nbd2 c4 15. Nf1
Nc5 16. Ng3 Rac8 17. Be3 h6 18. Qd2 Kh7 19. Rad1 Qb7 20. Bxc5 Rxc5 21. Nh2 Ne8
22. Nhf1 Bg5 23. Qe2 Bf4 24. Nh5 Bg5 25. Nhg3 Qc8 26. Ne3 Bxe3 27. fxe3 Qd8 28.
Nf5 Qg5 29. g4 h5 30. Kh2 g6 31. Rg1 gxf5 32. gxh5 Qh6 33. exf5 Nf6 34. Rg5
Qxg5 35. Rg1 Qh6 36. Qg2 Rg8 37. Qxg8+ Nxg8 38. f6+ Kh8 39. h4 Nxf6 40. a4 Ng4+
41. Rxg4 Bxg4 42. axb5 axb5 43. b4 cxb3 44. Bxb3 Qxe3 45. Bc4 Qf2+ 46. Kh1 Bf3#
0-1

[Event "Ì11Â"]
[Site "Loo"]
[Date "2017.04.23"]
[Round "4.25"]
[White "ßêóøêîâ, Ïàâåë."]
[Black "Åðìàêîâ, Ìàêñèì."]
[Result "0-1"]
[WhiteElo "1404"]
[BlackElo "1429"]
[PlyCount "76"]
[EventDate "2017.04.20"]

1. d4 d5 2. c4 c6 3. Nf3 Nf6 4. Nbd2 e6 5. e3 Nbd7 6. Bd3 Bd6 7. O-O O-O 8. e4
dxe4 9. Nxe4 Nxe4 10. Bxe4 Nf6 11. Bc2 Re8 12. b3 c5 13. Bb2 cxd4 14. Nxd4 Bd7
15. h3 Qc7 16. Nb5 Bxb5 17. cxb5 Be5 18. Rc1 Qb8 19. Ba3 Bf4 20. Rb1 Qc7 21.
Qe2 Rac8 22. Bd3 e5 23. f3 Qb6+ 24. Kh1 Nh5 25. Qd1 Ng3+ 26. Kh2 Nxf1+ 27. Kh1
Ne3 28. Qe1 Red8 29. Be4 f5 30. Bxf5 Nxf5 31. Rd1 Ng3+ 32. Kh2 Rxd1 33. Qxd1
Ne4+ 34. Kh1 Nf2+ 35. Kg1 Nxd1+ 36. Kh1 Qf2 37. Bc5 Qf1+ 38. Bg1 Nf2# 0-1

[Event "Ì13Ï"]
[Site "Loo"]
[Date "2017.04.23"]
[Round "4.1"]
[White "Ùåòêèí, Êèðèëë."]
[Black "Êóçüìèí, Àðñåíèé."]
[Result "0-1"]
[WhiteElo "1594"]
[BlackElo "1877"]
[PlyCount "64"]
[EventDate "2017.04.20"]

1. e4 c5 2. Nf3 d6 3. d4 cxd4 4. Nxd4 Nf6 5. Nc3 g6 6. Be3 Bg7 7. f3 O-O 8. Qd2
Nc6 9. Be2 Bd7 10. O-O-O a6 11. g4 b5 12. g5 Nh5 13. f4 Nxd4 14. Bxd4 Bxd4 15.
Qxd4 Nxf4 16. e5 Nxe2+ 17. Nxe2 Qa5 18. exd6 exd6 19. Kb1 Be6 20. a3 Rab8 21.
h4 b4 22. h5 bxa3 23. b3 Bf5 24. hxg6 Bxg6 25. Rh3 Rfc8 26. Rc1 Qf5 27. Nf4
Rxc2 28. Nxg6 a2+ 29. Ka1 Rxc1+ 30. Kxa2 Qa5+ 31. Qa4 Qd2+ 32. Ka3 Ra1# 0-1

[Event "Ì13Ï"]
[Site "Loo"]
[Date "2017.04.23"]
[Round "4.2"]
[White "Êóøíàðåíêî, Åãîð."]
[Black "Ãàáèòîâ, Áóëàò."]
[Result "0-1"]
[WhiteElo "1572"]
[BlackElo "1790"]
[PlyCount "96"]
[EventDate "2017.04.20"]

1. e4 c5 2. Nf3 Nc6 3. d4 cxd4 4. Nxd4 e6 5. c4 Nf6 6. Nc3 Bb4 7. Nxc6 bxc6 8.
Bd3 e5 9. a3 Bc5 10. O-O O-O 11. Be3 Bxe3 12. fxe3 d6 13. h3 Be6 14. Rf3 a5 15.
Rb1 Nd7 16. Qe2 a4 17. Na2 Nc5 18. Nb4 Bd7 19. Bc2 Qe7 20. Rd1 Rfd8 21. Rg3
Rac8 22. Rc1 Be6 23. Kh2 g6 24. Qd1 Qh4 25. Bxa4 Nxe4 26. Rf3 Bg4 27. Bxc6 Ng5
28. Bd5 Bxf3 29. Bxf3 e4 30. Bg4 f5 31. Qd5+ Nf7 32. g3 Qg5 33. Nc6 fxg4 34.
Nxd8 Qxd5 35. cxd5 Rxc1 36. Nc6 Rc2+ 37. Kg1 Rxb2 38. a4 Ra2 39. a5 Ne5 40.
hxg4 Nxc6 41. dxc6 Rxa5 42. c7 Rc5 43. g5 Rxc7 44. g4 Rc2 45. Kf1 Kf7 46. Ke1
Rg2 47. Kf1 Rxg4 48. Kf2 Rxg5 0-1

[Event "Ì13Ï"]
[Site "Loo"]
[Date "2017.04.23"]
[Round "4.3"]
[White "Äóíàåâ, Äåíèñ."]
[Black "Ìàêèíÿí, Ðóáåí."]
[Result "1/2-1/2"]
[WhiteElo "1562"]
[BlackElo "1713"]
[PlyCount "102"]
[EventDate "2017.04.20"]

1. d4 Nf6 2. c4 g6 3. Nc3 Bg7 4. e4 d6 5. Be2 O-O 6. Be3 Nbd7 7. Nf3 e5 8. d5
Qe7 9. O-O h6 10. Ne1 Nb6 11. b4 Bd7 12. c5 Nc8 13. Nd3 c6 14. Nb2 b6 15. dxc6
Bxc6 16. cxb6 Nxb6 17. Bxb6 axb6 18. f3 Rfd8 19. b5 Be8 20. Nd5 Nxd5 21. Qxd5
Bf8 22. Rfc1 Rac8 23. Rc4 Rc5 24. Rxc5 dxc5 25. Qb3 Rd2 26. Bc4 Qd7 27. Bd5
Qxb5 28. Bxf7+ Kh8 29. Qxb5 Bxb5 30. Nc4 Bxc4 31. Bxc4 Rc2 32. Bb5 c4 33. Kf1
c3 34. Ba4 Rd2 35. Rc1 Bb4 36. Bb3 Kg7 37. Rc2 Kf6 38. Rxd2 cxd2 39. Ke2 Kg5
40. Bf7 h5 41. g3 Ba5 42. Be8 Kf6 43. Kd1 Kg7 44. Ke2 Kh6 45. h3 g5 46. g4 hxg4
47. hxg4 Kg7 48. Bc6 Kf6 49. Ba4 Ke6 50. Kd3 Kd6 51. Kc4 Ke6 1/2-1/2

[Event "Ì13Ï"]
[Site "Loo"]
[Date "2017.04.23"]
[Round "4.4"]
[White "Äîáøèíîâ, Âëàä."]
[Black "Õàñàíîâ, Óðàë."]
[Result "1/2-1/2"]
[WhiteElo "1602"]
[BlackElo "1431"]
[PlyCount "86"]
[EventDate "2017.04.20"]

1. e4 e5 2. Nf3 Nc6 3. Nc3 Nf6 4. d4 exd4 5. Nxd4 Bb4 6. Nxc6 bxc6 7. Bd3 O-O
8. O-O d5 9. exd5 cxd5 10. Bg5 c6 11. Qf3 Be7 12. Rfe1 Be6 13. Ne2 h6 14. Bf4
Bd6 15. h3 Bxf4 16. Nxf4 Qd6 17. Re2 Bd7 18. Rae1 Rfe8 19. Nh5 Rxe2 20. Nxf6+
Qxf6 21. Qxe2 Qxb2 22. Qe7 Be6 23. Qc5 Qxa2 24. Qxc6 Rf8 25. Kh2 Qa5 26. Re2
Qb6 27. Qxb6 axb6 28. Re1 Rb8 29. Rb1 Kf8 30. Kg3 Ke7 31. Kf4 Kd6 32. Ke3 Bd7
33. Kd4 b5 34. Ra1 b4 35. Ra6+ Bc6 36. c4 dxc4 37. Be4 Rc8 38. Kxc4 Rc7 39.
Kxb4 Kd7 40. Bxc6+ Rxc6 41. Rxc6 Kxc6 42. Kc4 Kd6 43. Kd4 Ke6 1/2-1/2

[Event "Ì13Ï"]
[Site "Loo"]
[Date "2017.04.23"]
[Round "4.5"]
[White "Îñèïîâ, Àëåêñàíäð."]
[Black "Ëåáåäåâ, Íèêèòà."]
[Result "1/2-1/2"]
[WhiteElo "1855"]
[BlackElo "1635"]
[PlyCount "62"]
[EventDate "2017.04.20"]

1. d4 d5 2. c4 Bf5 3. Nc3 e6 4. Nf3 c6 5. e3 Nf6 6. Bd3 Bxd3 7. Qxd3 Be7 8. O-O
O-O 9. e4 dxe4 10. Nxe4 c5 11. Rd1 Nc6 12. Nxc5 Bxc5 13. dxc5 Qxd3 14. Rxd3
Rfd8 15. Rxd8+ Rxd8 16. Be3 Ng4 17. Bf4 e5 18. Bg3 f6 19. Re1 Nd4 20. Kf1 Nxf3
21. gxf3 Nh6 22. f4 exf4 23. Bxf4 Nf5 24. b4 Rd4 25. Bb8 Rxc4 26. Rb1 a6 27. a4
Nd4 28. Bd6 Nf5 29. Bb8 Nd4 30. Bd6 Nf5 31. Bb8 Nd4 1/2-1/2

[Event "Ì13Ï"]
[Site "Loo"]
[Date "2017.04.23"]
[Round "4.6"]
[White "Èâàíîâ, Àðòåì."]
[Black "Êóçíåöîâ, Âàäèì."]
[Result "1-0"]
[WhiteElo "1832"]
[BlackElo "1628"]
[PlyCount "125"]
[EventDate "2017.04.20"]

1. e4 e6 2. d4 d5 3. Nd2 dxe4 4. Nxe4 Bd7 5. Nf3 Bc6 6. Bd3 Nd7 7. O-O Ngf6 8.
Qe2 Be7 9. c3 O-O 10. Nxf6+ Bxf6 11. Bf4 Re8 12. Rfe1 Bxf3 13. Qxf3 c6 14. Re3
Bg5 15. Bxh7+ Kxh7 16. Qh5+ Bh6 17. Bxh6 Nf6 18. Qh4 gxh6 19. Rf3 Kg7 20. Rg3+
Kf8 21. Qxh6+ Ke7 22. Rf3 Ng8 23. Qg5+ Kf8 24. Qh5 Qe7 25. Re1 Rad8 26. Rg3 Rd5
27. Qg4 Qf6 28. Qxg8+ Ke7 29. Qg7 Qh4 30. Rf3 Rf8 31. Rxe6+ Kxe6 32. Qxf8 Qh5
33. Re3+ Kf5 34. Qc8+ Kf6 35. Rf3+ Ke7 36. Qxb7+ Kf8 37. Qxc6 Qe5 38. Re3 Qh5
39. Qe8+ Kg7 40. g4 Qg5 41. Qe4 Ra5 42. b4 Rxa2 43. Qe5+ Qxe5 44. Rxe5 Ra1+ 45.
Kg2 f6 46. Re7+ Kg6 47. h4 f5 48. h5+ Kh6 49. Re6+ Kg7 50. gxf5 a5 51. bxa5
Rxa5 52. Re5 Ra1 53. c4 Kf6 54. h6 Ra2 55. h7 Kf7 56. Re7+ Kxe7 57. h8=Q Rd2
58. Qg7+ Kd8 59. f6 Rxd4 60. f7 Rg4+ 61. Qxg4 Ke7 62. f8=Q+ Kxf8 63. Qd7 1-0

[Event "Ì13Ï"]
[Site "Loo"]
[Date "2017.04.23"]
[Round "4.7"]
[White "Íàäðøèí, Òèìóð."]
[Black "Ôèëàòîâ, Ãåîðãèé."]
[Result "1-0"]
[WhiteElo "1605"]
[BlackElo "1793"]
[PlyCount "73"]
[EventDate "2017.04.20"]

1. d4 Nf6 2. c4 g6 3. Nc3 Bg7 4. e4 d6 5. f3 O-O 6. Be3 Nc6 7. Qd2 a6 8. Nge2
Rb8 9. Ng3 e5 10. d5 Nd4 11. Nge2 c5 12. dxc6 bxc6 13. Nxd4 exd4 14. Bxd4 c5
15. Be3 Qa5 16. Nd1 Qb6 17. Bd3 Nd7 18. Rb1 Ne5 19. b3 f5 20. O-O f4 21. Bf2
Qd8 22. Be2 Qg5 23. Kh1 Rf6 24. Nc3 Bb7 25. b4 Qh5 26. bxc5 g5 27. cxd6 Rh6 28.
Bg1 Nc6 29. Qd5+ Kf8 30. Nd1 Nd8 31. Rxb7 Rxb7 32. Bd3 Rd7 33. e5 Ne6 34. Bf5
Qf7 35. Bg4 Rd8 36. c5 Qe8 37. Re1 1-0

[Event "Ì13Ï"]
[Site "Loo"]
[Date "2017.04.23"]
[Round "4.8"]
[White "Äåðåâùèêîâ, Íèêèòà."]
[Black "Ïåòðóøèí, Äìèòðèé."]
[Result "1/2-1/2"]
[WhiteElo "1523"]
[BlackElo "1721"]
[PlyCount "107"]
[EventDate "2017.04.20"]

1. e4 d5 2. exd5 Qxd5 3. Nc3 Qd6 4. d4 Nf6 5. Bc4 c6 6. Nge2 Bf5 7. Bf4 Qd8 8.
d5 cxd5 9. Nxd5 Nxd5 10. Bxd5 Qd7 11. O-O e6 12. Bf3 Qc8 13. Nd4 Bg6 14. Nb5
Na6 15. Qd2 Be7 16. Bd6 Qd7 17. c4 O-O 18. Qf4 Nc5 19. Bxc5 Bxc5 20. Rad1 Qe7
21. Qe5 f6 22. Qc7 Rf7 23. Qxe7 Rxe7 24. Nd6 Rb8 25. a3 Bc2 26. Rd2 Bb3 27. Rc1
Rd7 28. Ne4 Rc7 29. Be2 Bb6 30. c5 Rbc8 31. Rd3 Bd5 32. Rdc3 Bxe4 33. cxb6 Rxc3
34. Rxc3 Rxc3 35. bxc3 axb6 36. f3 Bc6 37. Kf2 Kf8 38. Ke3 e5 39. g3 Ke7 40.
Bc4 Kd6 41. Bb3 Kc5 42. h4 h6 43. Bd1 Bd5 44. Kd3 f5 45. g4 fxg4 46. fxg4 b5
47. g5 hxg5 48. hxg5 Bc6 49. Bg4 e4+ 50. Kc2 Kd5 51. Kd2 Ke5 52. Ke3 Bd5 53.
Bc8 Bc6 54. Bg4 1/2-1/2

[Event "Ì13Ï"]
[Site "Loo"]
[Date "2017.04.23"]
[Round "4.9"]
[White "Ðÿáîâ, Ãåîðãèé."]
[Black "Øâåòêî, Ðîìàí."]
[Result "1-0"]
[WhiteElo "1700"]
[BlackElo "1614"]
[PlyCount "69"]
[EventDate "2017.04.20"]

1. c4 e5 2. g3 Nf6 3. Bg2 Bc5 4. a3 Nc6 5. Nf3 h6 6. Nc3 d6 7. O-O O-O 8. d3
Nd4 9. Nxd4 Bxd4 10. e3 Bxc3 11. bxc3 c6 12. h3 Be6 13. f4 exf4 14. gxf4 Qd7
15. Kh2 d5 16. cxd5 cxd5 17. e4 dxe4 18. dxe4 Rfd8 19. Be3 b6 20. Bd4 Ne8 21.
Rg1 Rac8 22. Bf3 f6 23. f5 Bxf5 24. exf5 Qxf5 25. Qb3+ Kh8 26. Raf1 Qf4+ 27.
Rg3 Nd6 28. Bg2 Qh4 29. Rg4 Qh5 30. Rxf6 Nf5 31. Rxf5 Qxf5 32. Bxg7+ Kh7 33.
Be4 Rd2+ 34. Kh1 Rd1+ 35. Qxd1 1-0

[Event "Ì13Ï"]
[Site "Loo"]
[Date "2017.04.23"]
[Round "4.10"]
[White "Ñîáàøíèêîâ, Èâàí."]
[Black "Øàëèìî, Åâãåíèé."]
[Result "0-1"]
[WhiteElo "1695"]
[BlackElo "1557"]
[PlyCount "74"]
[EventDate "2017.04.20"]

1. d4 Nf6 2. c4 g6 3. Nc3 d5 4. cxd5 Nxd5 5. e4 Nxc3 6. bxc3 Bg7 7. Bc4 O-O 8.
Ne2 c5 9. O-O Nc6 10. Be3 Bg4 11. f3 Bc8 12. Qd2 cxd4 13. cxd4 b6 14. Rac1 Bb7
15. d5 Na5 16. Bd3 e6 17. dxe6 fxe6 18. Nf4 Qe7 19. Qe2 g5 20. Nh3 Bf6 21. Nf2
h5 22. h4 gxh4 23. f4 Qf7 24. e5 Be7 25. Be4 Bxe4 26. Nxe4 Qg6 27. Bd2 Nb7 28.
Nf6+ Bxf6 29. exf6 Rxf6 30. Bc3 Rf7 31. Qe5 Kh7 32. Rfd1 Rg8 33. Rc2 Nc5 34.
Rd6 h3 35. Rcd2 hxg2 36. Rxe6 Nxe6 37. Rd6 Rxf4 0-1

[Event "Ì13Ï"]
[Site "Loo"]
[Date "2017.04.23"]
[Round "4.11"]
[White "Íèêîëàåâ, Ìàòâåé."]
[Black "Ãîôìàí, Ëåâ."]
[Result "1/2-1/2"]
[WhiteElo "1664"]
[BlackElo "1528"]
[PlyCount "100"]
[EventDate "2017.04.20"]

1. e4 c5 2. Nf3 d6 3. d4 cxd4 4. Nxd4 Nf6 5. Nc3 a6 6. Be2 e5 7. Nb3 Be6 8. f4
Qc7 9. g4 Be7 10. g5 Nfd7 11. f5 Bc4 12. Nd5 Bxd5 13. Qxd5 Nc6 14. c3 h6 15.
Bh5 O-O-O 16. Bxf7 hxg5 17. Be6 g4 18. Be3 g3 19. O-O-O gxh2 20. Rd2 Kb8 21.
Bxd7 Rxd7 22. Nc5 dxc5 23. Qxd7 Qxd7 24. Rxd7 Rh3 25. Kd2 Kc8 26. Rd5 b6 27.
Ke2 Kc7 28. Rdd1 Rh4 29. Rd2 Rxe4 30. Kf3 Rh4 31. Rhxh2 e4+ 32. Kg3 Rxh2 33.
Kxh2 Ne5 34. Bf4 Bd6 35. Kg3 Kc6 36. Bxe5 Bxe5+ 37. Kg4 b5 38. Kg5 a5 39. Kg6
b4 40. c4 Bd4 41. b3 e3 42. Re2 Kd6 43. Kg5 Ke5 44. Kg4 Ke4 45. Rg2 Be5 46. Re2
Bd4 47. Rg2 Be5 48. Re2 Bd4 49. Rh2 Be5 50. Re2 Bd4 1/2-1/2